[Event "Niederbayernliga 0405"]
[Site "Germany"]
[Date "2004.??.??"]
[Round "2"]
[White "Brunner, Johann"]
[Black "Putz, Georg"]
[Result "0-1"]
[WhiteElo "1107"]
[BlackElo "1740"]
[PlyCount "40"]
[EventDate "2004.??.??"]
[EventType "team-tourn"]
[EventRounds "9"]
[EventCountry "GER"]
[SourceTitle "EXT 2008"]
[Source "ChessBase"]
[SourceDate "2007.11.25"]
[SourceVersion "1"]
[SourceVersionDate "2007.11.25"]
[SourceQuality "1"]
[WhiteTeam "Freyung"]
[BlackTeam "Simbach"]
[WhiteTeamCountry "GER"]
[BlackTeamCountry "GER"]

1. e4 e6 2. d4 d5 3. Nc3 Bb4 4. e5 c5 5. a3 Bxc3+ 6. bxc3 Ne7 7. Bg5 Nbc6 8. Nf3 Qc7 9. Be2 Bd7 10. a4 h6 11. Bh4 Nf5 12. Bd3 Nxh4 13. Nxh4 cxd4 14. cxd4 Nxd4 15. f4 Qc3+ 16. Kf2 Rc8 17. Rf1 Nxc2 18. Rc1 Qd4+ 19. Kg3 Rc3 20. Rf3 Ne3 0-1